NFL Helmets that don't have the team logo - Statistics

General Stats
  • This quiz has been taken 309 times
  • The average score is 5 of 6
Answer Stats
Colors Team % Correct
Purple Minnesota Vikings
93%
Orange and Black Cincinnati Bengals
90%
Orange Cleveland Browns
90%
Blue and Yellow Los Angeles Rams
79%
Green Philadelphia Eagles
78%
Maroon and Yellow Washington Football Team
78%
No matching quizzes found
Score Distribution
Percent of People with Each Score
Percentile by Number Answered
Your Score History
You have not taken this quiz